000 00758nam a2200241 a 4500
001 BRCA_4284
005 20190320204620.0
008 230610s1974----uk-a######---#000-0#eng-#
020 _a0289704596
041 _aeng
044 _aUk
050 4 _aN8560
_b.E53 1974
245 1 0 _aEncyclopedia of Antique Restoration and Maintenance
_cwhit an introduction by Dennis Young.
260 _aGran Bretaña
_bStudio Vista
_cc1974
300 _a183 p.
_bil.
_c26 cm.
500 _aDonación Dr. Héctor Rivero Borrell Vázquez
504 _aBibliografía: p. [185-186]
650 1 4 _aObjetos de arte
_xConservación y restauración
_911031
650 1 4 _aPreservación
_xAntigüedades
_911032
710 2 _aYoung, Dennis
_911033
902 _aDHR
942 _2lcc
_cB
999 _c3995
_d3995